000 00546nam a2200193Ia 4500
003 GCL
008 140319s9999 xx 000 0 eng d
040 _aGCL /
_cGCL
082 0 4 _a658.785
_bH R
100 1 _aHARMON, ROY L.
245 1 0 _aREINVENTING THE WAREHOUSE, WORLD CLASS DISTRIBUTION LOGISTICS /
_cHARMON, ROY L.
700 1 _aCOPACIMO, WILLIAM
260 _a[S.N] :
_bMAXWELL MACMILLAN INTERNATIONAL ،
_c1993
300 _a364 P
650 0 4 _aMANAGEMENT
650 0 4 _aWARE HOUSE
650 0 4 _aBUSINESS LOGISTICS
942 _2ddc
_cBK
999 _c19234
_d19234